Central Library OPAC University of Rajshahi

The Bengal Muslims, 1871-1906 : (Record no. 25753)

MARC details
000 -LEADER
fixed length control field 01025nam a2200301 a 4500
001 - CONTROL NUMBER
control field 25753
003 - CONTROL NUMBER IDENTIFIER
rucl marc code BD-RjUL
005 - DATE AND TIME OF LATEST TRANSACTION
control field 20211209050925.0
008 - FIXED-LENGTH DATA ELEMENTS--GENERAL INFORMATION
fixed length control field 140319s1981 ii bf b f00110 eng
020 ## - INTERNATIONAL STANDARD BOOK NUMBER
International Standard Book Number 0195612604 :
035 ## - SYSTEM CONTROL NUMBER
System control number (BD-RjUL)25823
039 0# - LEVEL OF BIBLIOGRAPHIC CONTROL AND CODING DETAIL [OBSOLETE]
Level of rules in bibliographic description 2
Level of effort used to assign nonsubject heading access points 3
Level of effort used to assign subject headings 3
Level of effort used to assign classification 3
Number of fixed field character positions coded 3
040 ## - CATALOGING SOURCE
Original cataloging agency DLC
Transcribing agency DLC
Modifying agency BOS
-- BD-RjUL
Language of cataloging eng
041 ## - LANGUAGE CODE
Language code of text/sound track or separate title eng
082 ## - DEWEY DECIMAL CLASSIFICATION NUMBER
Classification number 954.14
Author mark and year AHB 1981
100 10 - MAIN ENTRY--PERSONAL NAME
Personal name Ahmed, Rafiuddin,
Dates associated with a name 1941-
9 (RLIN) 79054
245 14 - TITLE STATEMENT
Title The Bengal Muslims, 1871-1906 :
Remainder of title a quest for identity /
Statement of responsibility, etc. Rafiuddin Ahmed.
260 ## - PUBLICATION, DISTRIBUTION, ETC. (IMPRINT)
Place of publication, distribution, etc. Delhi ;
-- New York :
Name of publisher, distributor, etc. Oxford University Press,
Date of publication, distribution, etc. c1981.
300 ## - PHYSICAL DESCRIPTION
Pagination xvi, 271 p. :
Illustrations maps ;
Size 23 cm.
500 ## - GENERAL NOTE
General note Revision of the author's thesis (doctoral--Oxford)
504 ## - BIBLIOGRAPHY, ETC. NOTE
Bibliography, etc Includes bibliography (p. 251-263) and index.
650 #0 - SUBJECT ADDED ENTRY--TOPICAL TERM
Topical term or geographic name as entry element Muslims
Geographic subdivision India
-- Bengal
General subdivision Politics and government.
9 (RLIN) 79102
Topical term or geographic name as entry element Islam and politics
Geographic subdivision India
-- Bengal.
9 (RLIN) 79056
651 #0 - SUBJECT ADDED ENTRY--GEOGRAPHIC NAME
Geographic name Bengal (India)
General subdivision Politics and government.
9 (RLIN) 79103
942 ## - ADDED ENTRY ELEMENTS (KOHA)
Source of classification or shelving scheme Dewey Decimal Classification
Koha item type Books
Holdings
Lost status Source of classification or shelving scheme Damaged status Not for loan Collection code Permanent Location Current Location Shelving location Date acquired Source of acquisition Cost, normal purchase price Total Checkouts Full call number Date last seen Copy number Koha item type
  Dewey Decimal Classification     Non-fiction Central Library, University of Rajshahi Central Library, University of Rajshahi   08/07/1985 Tulip 825.00   954.14 AHB 1981 19/03/2014 C-7 Books